Statistiken für Zootiere nach den meisten Haltungen

Klicken Sie hier um das Quiz zu spielen!

Allgemein

  • Dieses Quiz wurde 163 mal gespielt
  • Das Durchschnittsergebnis liegt bei 15 aus 100

Antwortstatistiken

Anzahl HaltungenTierart% Korrekt
281Löwe
90%
252Hauspferd
71%
1153Afrikanische Zwergziege
63%
337Hausziege
63%
672Hausesel
49%
247Zwergesel
49%
298Hausschaf
48%
652Erdmännchen
46%
242Europäisches Reh
46%
358Mitteleuropäisches Wildschwein
44%
231Rosaflamingo
43%
653Haushuhn
37%
833Hauskaninchen
36%
840Hausmeerschweinchen
36%
318Hausente
32%
352Afrikanischer Strauß
30%
608Bennett-Känguru (Rotnackenwallaby)
29%
594Lama
29%
1069Blauer Pfau
28%
305Ouessantschaf
28%
407Hausgans
26%
675Alpaka
24%
220Europäischer Luchs
24%
419Trampeltier
24%
504Europäischer Uhu
23%
234Schleiereule
23%
503Schneeeule
23%
741Wellensittich
23%
543Nordamerikanischer Waschbär
21%
225Rosapelikan
21%
293Zwergotter
21%
656Emu
20%
230Weißer Pfau
19%
275Höckerschwan
17%
238Gänsegeier
16%
290Haustaube
15%
512Katta
15%
282Weißschwanz-Stachelschwein
14%
458Weißstorch
14%
218Rostgans
13%
252Turmfalke
13%
285Goldfisch
12%
416Südamerikanischer Nasenbär
12%
226Clownfisch
11%
635Shetlandpony
11%
328Mitteleuropäischer Rothirsch
10%
451Nandu
10%
511Nymphensittich
10%
265Wasserschwein
10%
281Vietnamesisches Hängebauchschwein
9%
274Wüstenbussard
9%
917Europäischer Damhirsch
8%
310Kanarienvogel
8%
337Großer Pampashase
7%
293Leopardgecko
7%
291Stockente
7%
461Grüner Leguan
6%
236Hauspute
6%
339Koi
6%
278Graupapagei
5%
296Abgottschlange
4%
288Diamantfasan
4%
462Europäischer Mufflon
4%
342Frettchen
4%
582Goldfasan
4%
306Jagdfasan
4%
260Roter Piranha
4%
369Silberfasan
4%
223Diamanttäubchen
3%
277Eurasischer Bartkauz
3%
568Gelbbrustara
3%
335Hausperlhuhn
3%
403Königspython
3%
344Laufente
3%
369Bartagame
2%
236Halsbandsittich
2%
256Europäische Sumpfschildkröte
1%
303Gelbwangenschmuckschildkröte
1%
305Griechische Landschildkröte
1%
342Grünflügelara
1%
382Kamerunschaf
1%
505Mandarinente
1%
236Roter Sichler
1%
418Spornschildkröte
1%
246Steinkauz
1%
415Trauerschwan
1%
315Weißbüschelaffe
1%
369Zebrafink
1%
220Brandgans
0%
366Brautente
0%
260Höckergans
0%
263Köhlerschildkröte
0%
291Lachender Hans
0%
275Lisztäffchen
0%
379Rote Kornnatter
0%
491Rotwangenschmuckschildkröte
0%
322Seidenhuhn
0%
254Streifengans
0%
397Warzenente
0%
258Weißwangengans
0%

Verteilung der Resultate

Perzentil nach korrekt beantworteten Fragen

Anzahl Personen mit jedem Resultat

Ihre Resultats-Entwicklung

Sie haben dieses Quiz noch nicht gespielt